00605nam a2200217 a 450000100060000000300090000600800410001502000180005604000280007404100080010208200160011010000410012624500560016725000110022326000400023430000110027450000230028565000310030865000250033965000230036425654CO-ViMGA141112s2004 ck r 000 u spa d a9789588783086 aCO-ViMGAbspacCO-ViMGA aSPA04a780.92 P27m1 aPérez González, Rodolfo, 1929 - 10aMujeres compositoras / cRodolfo Pérez González a1a ed. aMedellín : bHombre Nuevo, c2012 a452 p. aIncluye Prólogo.14aCOMPOSITORAS - BIOGRAFIAS 14aMUJERES EN LA MUSICA14aMUSICA - HISTORIA